| 000 | 00788cab a2200301 4500 | ||
|---|---|---|---|
| 001 | ABS56751 | ||
| 008 | 090401t1997 xxu||||| |||| 00| 0 eng d | ||
| 035 | _a(Sirsi) u77428 | ||
| 041 | _aeng | ||
| 100 | _aFoy, H. | ||
| 245 | _aRolling revisions in the Republic | ||
| 260 | _c1997 | ||
| 350 | _a0 | ||
| 490 |
_aProperty Week _v58(10) 14 March 1997, 20(1) |
||
| 520 | _aExamines the Irish rating system and the overhaul which is being considered. | ||
| 650 | _aAPPEALS SYSTEM | ||
| 650 | _aEIRE | ||
| 650 | _aIRELAND | ||
| 650 | _aRATEABLE VALUES | ||
| 650 | _aRATING SYSTEM | ||
| 650 | _aREPUBLIC OF IRELAND | ||
| 650 | _aREVISION | ||
| 650 | _aVALUATION ACT 1988 | ||
| 650 | _aVALUATION LISTS | ||
| 690 | _aOVERSEAS-EUROPE | ||
| 942 | _n0 | ||
| 948 | _c26/03/1997 | ||
| 999 |
_c48682 _d48682 |
||